Autocad 2007 instructor : (Record no. 4894)
[ view plain ]
| 000 -LEADER | |
|---|---|
| fixed length control field | 00934nac a22002531u 4500 |
| 008 - FIXED-LENGTH DATA ELEMENTS--GENERAL INFORMATION | |
| fixed length control field | 131204t2007 xxua fr|||| 001 0 eng d |
| 010 ## - LIBRARY OF CONGRESS CONTROL NUMBER | |
| LC control number | 2006928662 |
| 020 ## - INTERNATIONAL STANDARD BOOK NUMBER | |
| International Standard Book Number | 9780073522623 (hard copy : alk. paper) |
| 020 ## - INTERNATIONAL STANDARD BOOK NUMBER | |
| International Standard Book Number | 0073522627 (hard copy : alk. paper) |
| 082 04 - DEWEY DECIMAL CLASSIFICATION NUMBER | |
| Classification number | 620.00420285 |
| Item number | LEA |
| Edition number | 22 |
| 100 1# - MAIN ENTRY--PERSONAL NAME | |
| Personal name | Leach, James A. |
| 9 (RLIN) | 34533 |
| 245 10 - TITLE STATEMENT | |
| Title | Autocad 2007 instructor : |
| Remainder of title | a student guide to complete coverage of autocad's commands and features / |
| Statement of responsibility, etc | James A. Leach. |
| 260 ## - PUBLICATION, DISTRIBUTION, ETC. (IMPRINT) | |
| Place of publication, distribution, etc | Boston, United States : |
| Name of publisher, distributor, etc | McGraw-Hill Higher education, |
| Date of publication, distribution, etc | c, 2007. |
| 300 ## - PHYSICAL DESCRIPTION | |
| Extent | x1, 1472 p. ; |
| Other physical details | ill ; |
| Dimensions | 24 cm. |
| 490 0# - Series Statement | |
| Series statement | Mcgraw-hill graphics series |
| -- | 34534 |
| 500 ## - GENERAL NOTE | |
| General note | Includes appendices. |
| 500 ## - GENERAL NOTE | |
| General note | Includes index. |
| 500 ## - GENERAL NOTE | |
| General note | Includes Instructor`s Access Guide. |
| 650 #0 - SUBJECT ADDED ENTRY--TOPICAL TERM | |
| Topical term or geographic name as entry element | Computer graphics. |
| 9 (RLIN) | 34535 |
| 650 #0 - SUBJECT ADDED ENTRY--TOPICAL TERM | |
| Topical term or geographic name as entry element | AutoCAD |
| 9 (RLIN) | 18149 |
| 653 ## - INDEX TERM--UNCONTROLLED | |
| Resource For college | |
| Arrived date list | December2013 |
| 655 ## - INDEX TERM--GENRE/FORM | |
| Form subdivision | |
| -- | 33728 |
| 942 ## - ADDED ENTRY ELEMENTS (KOHA) | |
| Item type | Book - Borrowing |
| Call number prefix | 620.00420285 LEA |
| Source of classification or shelving scheme | Dewey Decimal Classification |
| Withdrawn status | Item status | Damaged status | Not for loan | Home library | Current library | Shelving location | Date acquired | Source of acquisition | Total Checkouts | Full call number | Barcode | Date last seen | Koha item type | Source of classification or shelving scheme | Date last borrowed | Vendor | Materials specified (bound volume or other part) |
|---|---|---|---|---|---|---|---|---|---|---|---|---|---|---|---|---|---|
| Central Library | Central Library | First floor | 27/09/2007 | Purchase | 620.00420285 LEA | 000005958 | 15/07/2025 | Book - Borrowing | |||||||||
| Central Library | Central Library | First floor | 27/09/2007 | Purchase | 620.00420285 LEA | 000005964 | 15/07/2025 | Book - Borrowing | Dewey Decimal Classification | ||||||||
| Central Library | Central Library | First floor | 27/09/2007 | Purchase | 1 | 620.00420285 LEA | 000005965 | 15/07/2025 | NB - Book (Non borrowing) | 30/07/2009 | |||||||
| Central Library | Central Library | First floor | 18/11/2013 | 620.00420285 LEA | 000035108 | 15/07/2025 | Book - Borrowing | Dewey Decimal Classification | Baccah | ||||||||
| Central Library | Central Library | First floor | 18/11/2013 | 620.00420285 LEA | 000029710 | 24/08/2022 | CD | DVD - With book | Dewey Decimal Classification | Baccah | Lost In Inventory_2015-8-23 | |||||||
| Central Library | Central Library | First floor | 04/12/2013 | 620.00420285 LEA | 000029675 | 15/07/2025 | Book - Borrowing | Dewey Decimal Classification | Baccah | ||||||||
| Central Library | Central Library | First floor | 08/12/2013 | 620.00420285 LEA | 000029704 | 24/08/2022 | CD | DVD - With book | Dewey Decimal Classification | Baccah | ||||||||
| Central Library | Central Library | First floor | 08/12/2013 | 620.00420285 LEA | 000029705 | 24/08/2022 | CD | DVD - With book | Dewey Decimal Classification | Baccah | ||||||||
| Central Library | Central Library | First floor | 08/12/2013 | 620.00420285 LEA | 000029706 | 24/08/2022 | CD | DVD - With book | Dewey Decimal Classification | Baccah | ||||||||
| Central Library | Central Library | First floor | 08/12/2013 | 620.00420285 LEA | 000029707 | 24/08/2022 | CD | DVD - With book | Dewey Decimal Classification | Baccah | ||||||||
| Central Library | Central Library | First floor | 08/12/2013 | 620.00420285 LEA | 000029708 | 24/08/2022 | CD | DVD - With book | Dewey Decimal Classification | Baccah | ||||||||
| Central Library | Central Library | First floor | 08/12/2013 | 620.00420285 LEA | 000029709 | 24/08/2022 | CD | DVD - With book | Dewey Decimal Classification | Baccah | ||||||||
| Central Library | Central Library | First floor | 08/12/2013 | 620.00420285 LEA | 000029711 | 24/08/2022 | CD | DVD - With book | Dewey Decimal Classification | Baccah | ||||||||
| Central Library | Central Library | First floor | 08/12/2013 | 620.00420285 LEA | 000029712 | 24/08/2022 | CD | DVD - With book | Dewey Decimal Classification | Baccah | ||||||||
| Central Library | Central Library | First floor | 08/12/2013 | 620.00420285 LEA | 000029713 | 24/08/2022 | CD | DVD - With book | Dewey Decimal Classification | Baccah | ||||||||
| Central Library | Central Library | First floor | 08/12/2013 | 620.00420285 LEA | 000029714 | 24/08/2022 | CD | DVD - With book | Dewey Decimal Classification | Baccah | ||||||||
| Central Library | Central Library | First floor | 08/12/2013 | 620.00420285 LEA | 000029715 | 24/08/2022 | CD | DVD - With book | Dewey Decimal Classification | Baccah |